[Event "Mecklenburg VP VL1819"]
[Site "Mecklenburg VP"]
[Date "2019.03.24"]
[Round "8.5"]
[White "Krautschick, Clemens"]
[Black "Paulowitz, Bernd Rainer"]
[Result "0-1"]
[WhiteElo "1828"]
[BlackElo "1868"]
[PlyCount "120"]
[EventDate "2018.10.21"]
[EventType "team-tourn"]
[EventRounds "9"]
[EventCountry "GER"]
[SourceTitle "EXT 2022"]
[Source "ChessBase"]
[SourceDate "2021.10.06"]
[SourceVersion "1"]
[SourceVersionDate "2021.10.06"]
[SourceQuality "1"]
[WhiteTeam "Rostock SSC 07"]
[BlackTeam "Stralsund FHSG"]
[WhiteTeamCountry "GER"]
[BlackTeamCountry "GER"]

1. c4 g6 2. g3 Bg7 3. Bg2 d6 4. Nc3 Nd7 5. e3 Ngf6 6. Nge2 0-0 7. 0-0 c6 8. Rb1 a5 9. a3 Qc7 10. b4 axb4 11. axb4 Ra7 12. b5 Nb6 13. Qb3 c5 14. e4 e5 15. d3 Be6 16. Bb2 Qd7 17. Ra1 Rfa8 18. Rxa7 Rxa7 19. Ra1 Rxa1+ 20. Bxa1 Qc8 21. Qa2 Qa8 22. Qxa8+ Nxa8 23. h3 Nb6 24. Bb2 Nfd7 25. Nd5 Bxd5 26. exd5 e4 27. Bxg7 exd3 28. Bc3 dxe2 29. Bf3 Nxc4 30. Bxe2 Ncb6 31. Bf3 f5 32. Kf1 Kf7 33. Ba5 Nc4 34. Bc3 Nde5 35. Be2 Nb6 36. f4 Nxd5 37. Bd2 Nd7 38. Bf3 Ke6 39. Ke2 b6 40. Kd3 Nc7 41. g4 Nxb5 42. gxf5+ gxf5 43. Kc4 Nc7 44. Bb7 d5+ 45. Kd3 Kd6 46. Bc8 Ne6 47. Bc1 b5 48. Kc3 d4+ 49. Kb3 Nb6 50. Bb7 Nd5 51. Ba6 c4+ 52. Kb2 Kc5 53. Bc8 Ndc7 54. Bd7 b4 55. Kc2 Kd5 56. Bc8 d3+ 57. Kd1 Kd4 58. Bd2 c3 59. Be1 b3 60. Kc1 d2+ 0-1

[Event "Mecklenburg VP VL1819"]
[Site "Mecklenburg VP"]
[Date "2019.01.20"]
[Round "5.5"]
[White "Hilpert, Andreas"]
[Black "Krautschick, Clemens"]
[Result "1/2-1/2"]
[WhiteElo "1860"]
[BlackElo "1828"]
[PlyCount "122"]
[EventDate "2018.10.21"]
[EventType "team-tourn"]
[EventRounds "9"]
[EventCountry "GER"]
[SourceTitle "EXT 2022"]
[Source "ChessBase"]
[SourceDate "2021.10.06"]
[SourceVersion "1"]
[SourceVersionDate "2021.10.06"]
[SourceQuality "1"]
[WhiteTeam "Ludwigslust VT 2000"]
[BlackTeam "Rostock SSC 07"]
[WhiteTeamCountry "GER"]
[BlackTeamCountry "GER"]

1. d4 e6 2. Nf3 Nf6 3. e3 d5 4. c4 c6 5. Nc3 Bd6 6. Bd3 0-0 7. e4 dxe4 8. Nxe4 Nxe4 9. Bxe4 f5 10. Bc2 Nd7 11. 0-0 e5 12. c5 Be7 13. Bb3+ Kh8 14. Nxe5 Nxe5 15. dxe5 Qc7 16. f4 Bxc5+ 17. Kh1 Qe7 18. Qf3 Be6 19. Be3 Bb6 20. Bxb6 axb6 21. Rfd1 Rfd8 22. h3 g6 23. Rxd8+ Rxd8 24. Rd1 Rxd1+ 25. Qxd1 Bxb3 26. Qxb3 b5 27. Kh2 Kg7 28. Qd3 Kf7 29. Qd4 Ke6 30. b4 h6 31. a3 g5 32. g3 Qd7 33. Qxd7+ Kxd7 34. Kg2 Ke6 35. Kf2 b6 36. Ke3 c5 37. bxc5 bxc5 38. Kd3 Kd5 39. Kc3 Kc6 40. Kb3 c4+ 41. Kb4 gxf4 42. gxf4 Kd5 43. Kc3 Kc5 44. Kc2 Kd5 45. Kd2 h5 46. h4 Kc5 47. Kc3 Kd5 48. Kb4 Kd4 49. e6 c3 50. Kb3 Kd3 51. e7 c2 52. e8Q c1Q 53. Qxb5+ Ke3 54. Qe5+ Kf3 55. Qc3+ Qxc3+ 56. Kxc3 Kxf4 57. Kd2 Kg3 58. Ke2 Kg2 59. Ke3 Kg3 60. Ke2 Kg2 61. Ke3 Kg3 1/2-1/2

[Event "Rostock SSC op 17th"]
[Site "Rostock"]
[Date "2018.07.12"]
[Round "3.7"]
[White "Bergre, Joachim"]
[Black "Krautschick, Clemens"]
[Result "1/2-1/2"]
[WhiteElo "1992"]
[BlackElo "2033"]
[PlyCount "33"]
[EventDate "2018.07.11"]
[EventType "swiss"]
[EventRounds "7"]
[EventCountry "GER"]
[SourceTitle "EXT 2019"]
[Source "ChessBase"]
[SourceDate "2018.10.10"]
[SourceVersion "1"]
[SourceVersionDate "2018.10.10"]
[SourceQuality "1"]

1. Nf3 Nf6 2. c4 g6 3. g3 Bg7 4. Bg2 c5 5. Nc3 Nc6 6. 0-0 0-0 7. e4 e5 8. a3 d6 9. Rb1 Be6 10. d3 Qd7 11. Nd5 Nd4 12. b4 b6 13. Nxd4 Bxd5 14. Ne2 Be6 15. Bg5 Ne8 16. Qd2 f6 17. Bh6 1/2-1/2

[Event "Berlin Lichtenberger op 6th"]
[Site "Berlin"]
[Date "2007.??.??"]
[Round "?"]
[White "Eisentraeger, Sebastian"]
[Black "Krautschick, Clemens"]
[Result "0-1"]
[WhiteElo "1854"]
[BlackElo "2037"]
[PlyCount "70"]
[EventDate "2007.08.18"]
[EventType "swiss"]
[EventRounds "9"]
[EventCountry "GER"]
[SourceTitle "CBM 120 Extra"]
[Source "ChessBase"]
[SourceDate "2007.11.01"]
[SourceVersion "1"]
[SourceVersionDate "2007.11.01"]
[SourceQuality "1"]

1. d4 e6 2. f4 Nf6 3. Nf3 d5 4. e3 c5 5. Bd3 Nbd7 6. c3 cxd4 7. exd4 Bd6 8. Qe2 0-0 9. 0-0 Re8 10. Be3 Ne4 11. Bxe4 dxe4 12. Ng5 f5 13. Qh5 Nf6 14. Qf7+ Kh8 15. d5 Qe7 16. Bd4 exd5 17. Qxe7 Rxe7 18. Nd2 Nd7 19. c4 h6 20. Nh3 dxc4 21. Nxc4 Bc5 22. Bxc5 Nxc5 23. Rfd1 Be6 24. Ne5 Kh7 25. Rac1 Na6 26. a3 Rc8 27. Rxc8 Bxc8 28. Rd8 Be6 29. Ra8 Rc7 30. b4 Rc1+ 31. Kf2 Rc2+ 32. Kf1 e3 33. Rxa7 Bd5 34. Nf3 Bc4+ 35. Kg1 Rc1+ 0-1

[Event "Berlin op 05"]
[Site "Berlin"]
[Date "2006.05.25"]
[Round "2"]
[White "Krautschick, Clemens"]
[Black "Stiewe, Frank"]
[Result "1-0"]
[WhiteElo "1799"]
[BlackElo "1374"]
[PlyCount "87"]
[EventDate "2006.05.24"]
[EventType "swiss"]
[EventRounds "7"]
[EventCountry "GER"]
[SourceTitle "EXT 2007"]
[Source "ChessBase"]
[SourceDate "2006.11.23"]
[SourceVersion "1"]
[SourceVersionDate "2006.11.23"]
[SourceQuality "1"]

1. e4 e5 2. Nf3 Nc6 3. Bb5 a6 4. Ba4 d6 5. 0-0 h6 6. c3 Bd7 7. d3 Qf6 8. Be3 Nge7 9. d4 b5 10. Bc2 Bg4 11. Nbd2 Ng6 12. h3 Bd7 13. Re1 Nf4 14. Bxf4 Qxf4 15. Nf1 g5 16. N3h2 h5 17. Ne3 Ne7 18. a4 Bg7 19. Nd5 Nxd5 20. exd5 g4 21. g3 Qh6 22. h4 0-0 23. dxe5 Bxe5 24. f4 Bf6 25. Qd3 Bd8 26. axb5 a5 27. Nf1 Bf6 28. Nd2 Rfb8 29. Ne4 Bg7 30. c4 Bxb2 31. Rab1 Bg7 32. Ng5 Re8 33. b6 cxb6 34. Rxe8+ Bxe8 35. Rxb6 Qf6 36. Qh7+ Kf8 37. Rb7 Qh6 38. Qf5 Bd4+ 39. Kg2 f6 40. Nh7+ Kg8 41. Qe6+ Kh8 42. Nf8 Ra7 43. Ng6+ Bxg6 44. Qc8+ 1-0

[Event "Berlin op 05"]
[Site "Berlin"]
[Date "2006.05.24"]
[Round "1"]
[White "Wendt, Jan Dietrich"]
[Black "Krautschick, Clemens"]
[Result "1-0"]
[WhiteElo "2277"]
[BlackElo "1799"]
[PlyCount "65"]
[EventDate "2006.05.24"]
[EventType "swiss"]
[EventRounds "7"]
[EventCountry "GER"]
[SourceTitle "EXT 2007"]
[Source "ChessBase"]
[SourceDate "2006.11.23"]
[SourceVersion "1"]
[SourceVersionDate "2006.11.23"]
[SourceQuality "1"]

1. c4 Nf6 2. Nc3 g6 3. Nf3 Bg7 4. g3 d6 5. Bg2 0-0 6. 0-0 Nbd7 7. d4 Rb8 8. e4 e5 9. Be3 Qe8 10. dxe5 Nxe5 11. Nxe5 Qxe5 12. Bxa7 Ra8 13. Bd4 Qe7 14. Nd5 Nxd5 15. cxd5 h5 16. Bxg7 Kxg7 17. Qd4+ Kh7 18. h4 g5 19. hxg5 Qxg5 20. Rfe1 f6 21. Re3 Bd7 22. a3 Rad8 23. Rc1 c6 24. Qb6 cxd5 25. Rc7 Rf7 26. exd5 h4 27. Rc4 Rg8 28. Rxh4+ Kg7 29. Qxd6 Rh8 30. Rxh8 Kxh8 31. Qb8+ Kg7 32. Qxb7 Qg4 33. Qb4 1-0

[Event "GER-chT U16"]
[Site "Dittrichshuette"]
[Date "2004.12.27"]
[Round "1"]
[White "Krautschick, Clemens"]
[Black "Borel, Markus"]
[Result "0-1"]
[WhiteElo "1521"]
[BlackElo "1862"]
[PlyCount "58"]
[EventDate "2004.12.27"]
[EventType "team"]
[EventRounds "6"]
[EventCountry "GER"]
[SourceTitle "EXT 2006"]
[Source "ChessBase"]
[SourceDate "2005.11.24"]
[SourceVersion "1"]
[SourceVersionDate "2005.11.24"]
[SourceQuality "1"]

1. e4 c5 2. Nc3 Nc6 3. g3 g6 4. Bg2 Bg7 5. f4 d6 6. Nf3 e6 7. 0-0 Nge7 8. d3 0-0 9. Be3 Rb8 10. Bf2 b6 11. d4 d5 12. dxc5 d4 13. Ne2 bxc5 14. Rb1 Ba6 15. Re1 Qc7 16. a3 Rfd8 17. b4 d3 18. Nc1 d2 19. Nxd2 cxb4 20. e5 Nd5 21. Bxd5 Rxd5 22. Re3 Bf8 23. Nd3 bxa3 24. Rxb8 Qxb8 25. Nb3 Nb4 26. Kg2 Bc4 27. Be1 Nxd3 28. Rxd3 Rxd3 29. cxd3 Bxb3 0-1

[Event "GER-chT North U16"]
[Site "Syke"]
[Date "2004.09.18"]
[Round "6.3"]
[White "Krautschick, Clemens"]
[Black "Kleinschmidt, Rene"]
[Result "1/2-1/2"]
[WhiteElo "1397"]
[BlackElo "1416"]
[PlyCount "112"]
[EventDate "2004.09.16"]
[EventType "team-swiss"]
[EventRounds "7"]
[EventCountry "GER"]
[SourceTitle "EXT 2006"]
[Source "ChessBase"]
[SourceDate "2005.11.24"]
[SourceVersion "1"]
[SourceVersionDate "2005.11.24"]
[SourceQuality "1"]

1. e4 c5 2. f4 Nc6 3. Nf3 g6 4. c3 Bg7 5. Na3 d6 6. d4 cxd4 7. cxd4 Bg4 8. Nc2 Nf6 9. Bd3 Qb6 10. e5 dxe5 11. fxe5 Nd5 12. Be2 Rd8 13. 0-0 Ndb4 14. Be3 Nxc2 15. Qxc2 Bxf3 16. Bxf3 Bxe5 17. Bxc6+ bxc6 18. dxe5 Qxe3+ 19. Kh1 0-0 20. Qxc6 Qxe5 21. Qb7 e6 22. b3 Qb8 23. Qf3 Qb6 24. Rfb1 Rd2 25. b4 Qf2 26. Qxf2 Rxf2 27. b5 Rb8 28. a4 Rf5 29. Ra3 Rd5 30. Rab3 Rd6 31. h3 Kf8 32. a5 Ke7 33. Kh2 Kd7 34. Kg3 e5 35. Kf3 f5 36. g4 Ke6 37. g5 Kd7 38. Ke3 Ke6 39. h4 Rd5 40. R1b2 Kd6 41. Rb1 a6 42. bxa6 Rxb3+ 43. Rxb3 Rxa5 44. Rb7 Rxa6 45. Rxh7 Kd5 46. Rd7+ Ke6 47. Rg7 Kd5 48. Rd7+ Rd6 49. Ra7 f4+ 50. Kf3 Ke6 51. Ra8 Rd3+ 52. Ke2 Re3+ 53. Kf2 e4 54. Rf8 Rf3+ 55. Ke2 Ke7 56. Rf6 Re3+ 1/2-1/2